000 00655nam a2200229Ia 4500
003 OSt
005 20220923230206.0
006 a|||||r|||| 00| 0
007 ta
008 Pun
024 _a278,243
037 _cTextual
040 _aARTS
_cARTS
_bPun
041 _2Pun
_aPun
082 _aO153,1F73:g, L7
100 _aਬੇਦੀ, ਕਾਲਾ ਸਿੰਘ
245 0 _aਕਾਖ਼ੀਆਂ
_b ਖਸ਼ਾਜਾ ਫ਼ੁਲਾਮ ਖ਼ਰੀਦ
260 _c1977
650 _aਪੰਜਾਬੀ ਸਾਹਿਤ
942 _hO153,1F73:g, L7
_cTEXL
_2CC
999 _c383172
_d383172